000 01347nam a2200337 a 4500
001 ebr10005614
003 CaPaEBR
006 m u
007 cr cn|||||||||
008 980817s1999 ctu sb 001 0 eng
010 _z 98031074
020 _z0275965236 (alk. paper)
040 _aCaPaEBR
_cCaPaEBR
035 _a(OCoLC)70728830
050 1 4 _aJS431
_b.Z56 1999eb
082 0 4 _a320.4744
_221
100 1 _aZimmerman, Joseph Francis,
_d1928-
245 1 4 _aThe New England town meeting
_h[electronic resource] :
_bdemocracy in action /
_cJoseph F. Zimmerman.
260 _aWestport, Conn. :
_bPraeger,
_c1999.
300 _axii, 231 p.
504 _aIncludes bibliographical references (p. [213]-227) and index.
533 _aElectronic reproduction.
_bPalo Alto, Calif. :
_cebrary,
_d2013.
_nAvailable via World Wide Web.
_nAccess may be limited to ebrary affiliated libraries.
650 0 _aLocal government
_zNew England.
650 0 _aDemocracy
_zNew England.
650 0 _aPolitical participation
_zNew England.
650 0 _aPolitics, Practical
_zNew England.
651 0 _aNew England
_xPolitics and government.
655 7 _aElectronic books.
_2local
710 2 _aebrary, Inc.
856 4 0 _uhttp://site.ebrary.com/lib/rucke/Doc?id=10005614
_zAn electronic book accessible through the World Wide Web; click to view
999 _c18565
_d18565